| 000 | 00693nam a22001937a 4500 | ||
|---|---|---|---|
| 003 | LK-CoDNM | ||
| 005 | 20241101111318.0 | ||
| 008 | 241025b |||||||| |||| 00| 0 eng d | ||
| 040 |
_aLK-CoDNM _dLK-CoDNM _eLK-CoDNM |
||
| 041 | _asin | ||
| 080 |
_aප්ර.ස _b18 |
||
| 245 |
_aසතිය _b2 - කාණ්ඩය _c1959 මාර් තු 10 වෙනි අගහරුවාදා 1 - කලාපය |
||
| 300 | _a240P. : ILL ; 28 CM | ||
| 650 | _aප්ර.ස 18 | ||
| 650 | _aසතිය | ||
| 650 | _a1959 මාර් තු 10 වෙනි අගහරුවාදා 1 - කලාපය | ||
| 650 | _a2 - කාණ්ඩය | ||
| 942 | _cBK | ||
| 999 |
_c225221 _d225221 |
||